[Event "DSJ Weihnachtsturnier U20 2020"]
[Site "https://play.chessbase.com/en/play?room=DSJWeihnachtU20"]
[Date "2020.12.29"]
[Round "4"]
[White "Schröder, Lennart"]
[Black "Nishchyk, Sergej"]
[Result "1/2-1/2"]
[Termination "normal"]
[Board "14.3"]
[WhiteElo "1906"]
[BlackElo "1258"]
[WhiteTeam "Schachklub Münster 32"]
[BlackTeam "Schachfreunde 1974 Heinsberg"]
[PlyCount "35"]
[WhiteFideId "16222490"]
[EventRounds "7"]
[EventType "team-swiss"]
[EventDate "2020.12.29"]

1. b3 {[%emt 0:00:18]} e5 {[%emt 0:00:13]} 2. e3 {[%emt 0:00:04]} d5 {[%emt
0:00:02]} 3. Bb2 {[%emt 0:00:04]} Nc6 {[%emt 0:00:06]} 4. Bb5 {[%emt 0:00:08]}
f6 {[%emt 0:00:20]} 5. Bxc6+ {[%emt 0:00:07]} bxc6 {[%emt 0:00:02]} 6. Ne2 {
[%emt 0:00:01]} c5 {[%emt 0:00:18]} 7. O-O {[%emt 0:00:07]} Bb7 {[%emt 0:00:15]
} 8. d4 {[%emt 0:00:06] Heinsberg003 reconnected. Heinsberg003 reconnected.
Restarted B (13.22e) Restarted W (13.22m) OK} cxd4 {[%emt 0:00:10]} 9. exd4 {
[%emt 0:00:15]} Bd6 {[%emt 0:00:29]} 10. dxe5 {[%emt 0:00:11]} fxe5 {[%emt
0:00:03]} 11. f4 {[%emt 0:00:07]} Qe7 {[%emt 0:00:19]} 12. fxe5 {[%emt
0:00:07]} Bxe5 {[%emt 0:00:04]} 13. Bxe5 {[%emt 0:00:07]} Qxe5 {[%emt 0:00:03]}
14. Nbc3 {[%emt 0:00:04]} O-O-O {[%emt 0:00:05]} 15. Qd4 {[%emt 0:00:07]} Qxd4+
{ [%emt 0:00:06]} 16. Nxd4 {[%emt 0:00:01]} Nf6 {[%emt 0:00:02]} 17. Ne6 {
[%emt 0:00:05]} Rd7 {[%emt 0:00:17]} 18. Rfd1 {[%emt 0:01:30] Muenst1-003
offers a draw} 1/2-1/2

[Event "DSJ Weihnachtsturnier U20 2020"]
[Site "https://play.chessbase.com/en/play?room=DSJWeihnachtU20"]
[Date "2020.12.29"]
[Round "4"]
[White "Kerssemeekers, Nick"]
[Black "Toval, David"]
[Result "0-1"]
[Termination "normal"]
[Board "14.4"]
[WhiteElo "1072"]
[BlackElo "1857"]
[WhiteTeam "Schachfreunde 1974 Heinsberg"]
[BlackTeam "Schachklub Münster 32"]
[PlyCount "56"]
[BlackFideId "12992755"]
[EventRounds "7"]
[EventType "team-swiss"]
[EventDate "2020.12.29"]

1. e4 {[%emt 0:00:06]} c5 {[%emt 0:00:05]} 2. Nf3 {[%emt 0:00:29]} d6 {[%emt
0:00:02]} 3. Nc3 {[%emt 0:00:50]} Nf6 {[%emt 0:00:03]} 4. d3 {[%emt 0:00:12]}
e6 {[%emt 0:00:02]} 5. g3 {[%emt 0:00:13]} Be7 {[%emt 0:00:01]} 6. Bg2 {[%emt
0:00:02]} O-O {[%emt 0:00:02]} 7. O-O {[%emt 0:00:01]} a6 {[%emt 0:00:01]} 8.
Re1 {[%emt 0:00:09]} b5 {[%emt 0:00:09]} 9. e5 {[%emt 0:00:11]} Nd5 {[%emt
0:00:05] } 10. Nxd5 {[%emt 0:00:19]} exd5 {[%emt 0:00:00]} 11. exd6 {[%emt
0:00:03]} Bxd6 {[%emt 0:00:06]} 12. Bf4 {[%emt 0:01:47]} Bxf4 {[%emt 0:00:07]}
13. gxf4 { [%emt 0:00:02]} Bb7 {[%emt 0:00:15]} 14. Ng5 {[%emt 0:00:18]} h6
{[%emt 0:00:14]} 15. Nh3 {[%emt 0:00:12]} Nd7 {[%emt 0:00:45]} 16. Qh5 {[%emt
0:00:24]} Nf6 {[%emt 0:00:09]} 17. Qe5 {[%emt 0:00:41]} Re8 {[%emt 0:00:19]}
18. Qc3 { [%emt 0:00:16]} Qb6 {[%emt 0:00:22]} 19. Re5 {[%emt 0:00:44]} Nd7
{[%emt 0:01:25]} 20. Bxd5 {[%emt 0:00:35]} Nxe5 {[%emt 0:00:18]} 21. fxe5
{[%emt 0:00:08]} Bxd5 {[%emt 0:00:05]} 22. Nf4 {[%emt 0:00:15]} Rad8 {[%emt
0:00:07]} 23. Nxd5 { [%emt 0:00:23]} Rxd5 {[%emt 0:00:00]} 24. Kh1 {[%emt
0:00:01]} Rdxe5 {[%emt 0:00:11]} 25. Rg1 {[%emt 0:00:03]} Qc6+ {[%emt 0:00:08]}
26. f3 {[%emt 0:00:28]} Qxf3+ {[%emt 0:00:03]} 27. Rg2 {[%emt 0:00:03]} Re1+
{[%emt 0:00:03]} 28. Qxe1 {[%emt 0:00:01]} Rxe1# {[%emt 0:00:01]} 0-1

[Event "DSJ Weihnachtsturnier U20 2020"]
[Site "https://play.chessbase.com/en/play?room=DSJWeihnachtU20"]
[Date "2020.12.29"]
[Round "4"]
[White "Schulz, Jannis"]
[Black "Fidlin, Simon"]
[Result "0-1"]
[Termination "normal"]
[Board "15.1"]
[WhiteElo "1786"]
[BlackElo "1862"]
[WhiteTeam "Barnimer Schachfreunde im SV Stahl Finow"]
[BlackTeam "Karlsruher SF 1853 2"]
[PlyCount "39"]
[WhiteFideId "16224710"]
[BlackFideId "16217535"]
[EventRounds "7"]
[EventType "team-swiss"]
[EventDate "2020.12.29"]

1. d4 {[%emt 0:00:02]} Nf6 {[%emt 0:00:03]} 2. Nf3 {[%emt 0:00:04]} d5 { [%emt
0:00:03]} 3. Bf4 {[%emt 0:00:04]} e6 {[%emt 0:00:02]} 4. e3 {[%emt 0:00:08]}
Bd6 {[%emt 0:00:02]} 5. Bxd6 {[%emt 0:00:07]} Qxd6 {[%emt 0:00:08]} 6. c3
{[%emt 0:00:00]} O-O {[%emt 0:00:10]} 7. Bd3 {[%emt 0:00:01]} Nbd7 {[%emt
0:00:06]} 8. O-O {[%emt 0:00:05]} e5 {[%emt 0:00:03]} 9. dxe5 {[%emt 0:00:03]}
Nxe5 {[%emt 0:00:04]} 10. Be2 {[%emt 0:00:09]} Bf5 {[%emt 0:00:22]} 11. Nxe5 {
[%emt 0:00:10]} Qxe5 {[%emt 0:00:03]} 12. Nd2 {[%emt 0:00:03]} Rfe8 {[%emt
0:00:14]} 13. Nf3 {[%emt 0:00:12]} Qe7 {[%emt 0:00:18]} 14. h3 {[%emt 0:00:08]}
Rad8 {[%emt 0:00:05]} 15. Bb5 {[%emt 0:01:07]} c6 {[%emt 0:00:06]} 16. Bd3 {
[%emt 0:00:04]} Bxd3 {[%emt 0:00:12]} 17. Qxd3 {[%emt 0:00:00]} Ne4 {[%emt
0:00:04]} 18. Rad1 {[%emt 0:00:13]} Qf6 {[%emt 0:00:08]} 19. Nd2 {[%emt
0:00:15]} Nc5 {[%emt 0:00:18]} 20. Nf3 {[%emt 0:00:35]} 0-1

[Event "DSJ Weihnachtsturnier U20 2020"]
[Site "https://play.chessbase.com/en/play?room=DSJWeihnachtU20"]
[Date "2020.12.29"]
[Round "4"]
[White "Hänselmann, Hendrik"]
[Black "Schulz, Maximilian"]
[Result "1-0"]
[Termination "time forfeit"]
[Board "15.2"]
[WhiteElo "1828"]
[BlackElo "1629"]
[WhiteTeam "Karlsruher SF 1853 2"]
[BlackTeam "Barnimer Schachfreunde im SV Stahl Finow"]
[PlyCount "109"]
[WhiteFideId "16232755"]
[BlackFideId "16221397"]
[EventRounds "7"]
[EventType "team-swiss"]
[EventDate "2020.12.29"]

1. e4 {[%emt 0:00:03]} d5 {[%emt 0:00:04]} 2. exd5 {[%emt 0:00:09]} Qxd5 {
[%emt 0:00:03]} 3. Nc3 {[%emt 0:00:01]} Qa5 {[%emt 0:00:02]} 4. d4 {[%emt
0:00:27]} c6 {[%emt 0:00:04]} 5. Nf3 {[%emt 0:00:08] Barnim1-002 reconnected.}
Bf5 { [%emt 0:00:53]} 6. Bd2 {[%emt 0:00:09] Barnim1-002 reconnected.} Qc7
{[%emt 0:00:41]} 7. Bc4 {[%emt 0:00:14]} Nf6 {[%emt 0:00:05]} 8. O-O {[%emt
0:00:03]} e6 {[%emt 0:00:01]} 9. Re1 {[%emt 0:00:05] Barnim1-002 reconnected.}
Be7 {[%emt 0:01:46]} 10. Bb3 {[%emt 0:00:51]} O-O {[%emt 0:00:03]} 11. Qe2
{[%emt 0:00:02]} Bd6 {[%emt 0:00:18] Barnim1-002 reconnected. Barnim1-002
reconnected.} 12. Ne5 {[%emt 0:00:27]} Nbd7 {[%emt 0:00:06]} 13. h3 {[%emt
0:00:15]} Nd5 {[%emt 0:00:32]} 14. Nxd5 {[%emt 0:00:35] Barnim1-002
reconnected. Barnim1-002 reconnected. } exd5 {[%emt 0:00:40]} 15. c4 {[%emt
0:00:48] Barnim1-002 reconnected.} dxc4 { [%emt 0:00:59]} 16. Bxc4 {[%emt
0:00:05]} Bg6 {[%emt 0:00:58]} 17. Nxg6 { [%emt 0:00:17]} hxg6 {[%emt 0:00:05]}
18. Qg4 {[%emt 0:00:01]} Nb6 {[%emt 0:00:43]} 19. Bb3 {[%emt 0:00:07]} Nd5
{[%emt 0:00:04]} 20. Rac1 {[%emt 0:00:11]} Qc8 {[%emt 0:00:08]} 21. Bxd5 {[%emt
0:00:23]} Qxg4 {[%emt 0:00:04]} 22. Bxf7+ {[%emt 0:00:04]} Rxf7 {[%emt
0:00:06]} 23. hxg4 {[%emt 0:00:01]} Raf8 {[%emt 0:00:04]} 24. f3 {[%emt
0:00:16]} Bf4 {[%emt 0:00:21]} 25. Bxf4 {[%emt 0:00:12]} Rxf4 {[%emt 0:00:02]}
26. Rcd1 {[%emt 0:00:02]} Rd8 {[%emt 0:00:12]} 27. Re7 { [%emt 0:00:27]} Rfxd4
{[%emt 0:00:27]} 28. Rxd4 {[%emt 0:00:06]} Rxd4 {[%emt 0:00:01]} 29. Rxb7
{[%emt 0:00:02]} Rd2 {[%emt 0:00:03]} 30. a4 {[%emt 0:00:19]} a5 {[%emt
0:00:25]} 31. Rb6 {[%emt 0:00:33]} Rc2 {[%emt 0:00:04]} 32. b3 { [%emt
0:00:41]} Rb2 {[%emt 0:00:31]} 33. Rxc6 {[%emt 0:00:08]} Rxb3 {[%emt 0:00:02]}
34. Rc5 {[%emt 0:00:01]} Rb1+ {[%emt 0:00:01]} 35. Kh2 {[%emt 0:00:06]} Rb4
{[%emt 0:00:05]} 36. Rxa5 {[%emt 0:00:02]} Kh7 {[%emt 0:00:02]} 37. Ra8 { [%emt
0:00:07]} g5 {[%emt 0:00:04]} 38. a5 {[%emt 0:00:05]} Ra4 {[%emt 0:00:01] } 39.
a6 {[%emt 0:00:02]} Ra5 {[%emt 0:00:01]} 40. a7 {[%emt 0:00:02]} Ra6 { [%emt
0:00:11]} 41. g3 {[%emt 0:00:11]} Ra2+ {[%emt 0:00:14]} 42. Kg1 {[%emt
0:00:05]} Ra3 {[%emt 0:00:04]} 43. Kf2 {[%emt 0:00:02]} Ra2+ {[%emt 0:00:01]}
44. Ke3 {[%emt 0:00:01]} Ra3+ {[%emt 0:00:01]} 45. Ke4 {[%emt 0:00:02]} Ra5 {
[%emt 0:00:03]} 46. f4 {[%emt 0:00:05]} Ra4+ {[%emt 0:00:03]} 47. Kf5 {[%emt
0:00:06]} Ra5+ {[%emt 0:00:02]} 48. Ke4 {[%emt 0:00:07]} Ra4+ {[%emt 0:00:01]}
49. Kf3 {[%emt 0:00:04]} Ra3+ {[%emt 0:00:02]} 50. Kg2 {[%emt 0:00:01]} Ra2+ {
[%emt 0:00:01]} 51. Kh3 {[%emt 0:00:02]} gxf4 {[%emt 0:00:08]} 52. gxf4 { [%emt
0:00:01]} Ra3+ {[%emt 0:00:01]} 53. Kh4 {[%emt 0:00:01]} Ra1 {[%emt 0:00:02]}
54. f5 {[%emt 0:00:07]} Rh1+ {[%emt 0:00:02]} 55. Kg5 {[%emt 0:00:12] ' TimeB}
1-0

[Event "DSJ Weihnachtsturnier U20 2020"]
[Site "https://play.chessbase.com/en/play?room=DSJWeihnachtU20"]
[Date "2020.12.29"]
[Round "4"]
[White "Hamm, Oliver"]
[Black "Borodaev, Roman"]
[Result "1-0"]
[Termination "normal"]
[Board "15.3"]
[WhiteElo "1548"]
[BlackElo "1657"]
[WhiteTeam "Barnimer Schachfreunde im SV Stahl Finow"]
[BlackTeam "Karlsruher SF 1853 2"]
[PlyCount "47"]
[WhiteFideId "12999016"]
[BlackFideId "16274881"]
[EventRounds "7"]
[EventType "team-swiss"]
[EventDate "2020.12.29"]

1. e4 {[%emt 0:00:06]} c5 { [%emt 0:00:04]} 2. Nc3 {[%emt 0:00:05]} d6 {[%emt
0:00:01]} 3. Nf3 {[%emt 0:00:06]} Nc6 {[%emt 0:00:02]} 4. d4 {[%emt 0:00:04]}
cxd4 {[%emt 0:00:01]} 5. Nxd4 {[%emt 0:00:04]} Nf6 {[%emt 0:00:01]} 6. Bg5
{[%emt 0:00:05]} g6 {[%emt 0:01:41]} 7. Bxf6 {[%emt 0:00:27]} exf6 {[%emt
0:00:05]} 8. Bc4 {[%emt 0:00:05]} Bg7 {[%emt 0:00:03]} 9. Ndb5 {[%emt 0:00:13]}
O-O {[%emt 0:00:24]} 10. Qxd6 { [%emt 0:01:03]} f5 {[%emt 0:00:08]} 11. O-O-O
{[%emt 0:00:11]} Qg5+ {[%emt 0:00:11]} 12. f4 {[%emt 0:00:13]} Qxg2 {[%emt
0:00:02]} 13. e5 {[%emt 0:00:25]} Bh6 {[%emt 0:00:35]} 14. Rhf1 {[%emt
0:00:15]} Qxh2 {[%emt 0:00:04]} 15. Kb1 { [%emt 0:00:18]} Bxf4 {[%emt 0:00:04]}
16. Rh1 {[%emt 0:00:40]} Qg3 {[%emt 0:02:14]} 17. Nd5 {[%emt 0:00:07]} Bxe5
{[%emt 0:00:05]} 18. Nf6+ {[%emt 0:00:54]} Bxf6 {[%emt 0:00:09]} 19. Qxg3
{[%emt 0:00:04]} a6 {[%emt 0:00:03]} 20. Nc7 { [%emt 0:00:20]} Ra7 {[%emt
0:00:04]} 21. Qh2 {[%emt 0:00:24]} h5 {[%emt 0:00:04]} 22. Rdg1 {[%emt
0:00:12]} h4 {[%emt 0:00:42]} 23. Nd5 {[%emt 0:00:10]} Bd8 {[%emt 0:00:20]} 24.
Nf4 {[%emt 0:00:35]} 1-0

[Event "DSJ Weihnachtsturnier U20 2020"]
[Site "https://play.chessbase.com/en/play?room=DSJWeihnachtU20"]
[Date "2020.12.29"]
[Round "4"]
[White "Scheifel, Maximilian"]
[Black "Conrad, Max"]
[Result "1-0"]
[Termination "normal"]
[Board "15.4"]
[WhiteElo "1218"]
[BlackElo "1306"]
[WhiteTeam "Karlsruher SF 1853 2"]
[BlackTeam "Barnimer Schachfreunde im SV Stahl Finow"]
[PlyCount "115"]
[WhiteFideId "16279433"]
[BlackFideId "16265572"]
[EventRounds "7"]
[EventType "team-swiss"]
[EventDate "2020.12.29"]

1. e4 {[%emt 0:00:03]} c6 {[%emt 0:00:04]} 2. d4 {[%emt 0:00:56]} d5 {[%emt
0:00:03]} 3. exd5 {[%emt 0:01:59]} cxd5 {[%emt 0:00:04]} 4. Bd3 {[%emt
0:00:03]} g6 {[%emt 0:00:05]} 5. c3 {[%emt 0:00:04]} Bf5 {[%emt 0:00:02]} 6.
Bf4 { [%emt 0:00:02]} Bxd3 {[%emt 0:00:03]} 7. Qxd3 {[%emt 0:00:01]} Nf6 {[%emt
0:00:02]} 8. Nd2 {[%emt 0:00:02]} Bg7 {[%emt 0:00:01]} 9. O-O-O {[%emt
0:00:01]} a5 {[%emt 0:00:16]} 10. Qb5+ {[%emt 0:00:06]} Qd7 {[%emt 0:00:10]}
11. Qxd7+ { [%emt 0:00:03]} Nbxd7 {[%emt 0:00:02]} 12. Ngf3 {[%emt 0:00:03]} b5
{[%emt 0:00:04]} 13. Ne5 {[%emt 0:00:05]} Nxe5 {[%emt 0:00:04]} 14. Bxe5 {[%emt
0:00:00] } e6 {[%emt 0:00:07]} 15. Nf3 {[%emt 0:00:03] Karlsru2-004 bietet
Remis} O-O { [%emt 0:00:25]} 16. h4 {[%emt 0:00:05]} Ne4 {[%emt 0:00:04]} 17.
Bxg7 {[%emt 0:00:03]} Kxg7 {[%emt 0:00:02]} 18. Rhf1 {[%emt 0:00:05]} Rfc8
{[%emt 0:00:08]} 19. Kb1 {[%emt 0:00:02]} b4 {[%emt 0:00:03]} 20. cxb4 {[%emt
0:00:02]} axb4 { [%emt 0:00:02]} 21. Nd2 {[%emt 0:00:01]} Nxd2+ {[%emt
0:00:18]} 22. Rxd2 { [%emt 0:00:00]} Rc4 {[%emt 0:00:06]} 23. Rc1 {[%emt
0:00:05]} Rac8 {[%emt 0:00:03]} 24. Rdc2 {[%emt 0:00:06]} Rxc2 {[%emt 0:00:07]}
25. Rxc2 {[%emt 0:00:00]} Rxc2 {[%emt 0:00:07]} 26. Kxc2 {[%emt 0:00:00]} Kf6
{[%emt 0:00:02]} 27. a3 { [%emt 0:00:01]} bxa3 {[%emt 0:00:04]} 28. bxa3 {[%emt
0:00:00]} Ke7 {[%emt 0:00:01]} 29. Kb3 {[%emt 0:00:01]} Kd6 {[%emt 0:00:01]}
30. Kb4 {[%emt 0:00:01]} Kc7 {[%emt 0:00:01]} 31. Kc5 {[%emt 0:00:01]} f5
{[%emt 0:00:05]} 32. f4 { [%emt 0:00:03]} h6 {[%emt 0:00:10]} 33. a4 {[%emt
0:00:02]} h5 {[%emt 0:01:25]} 34. a5 {[%emt 0:00:05]} Kb7 {[%emt 0:00:01]} 35.
Kd6 {[%emt 0:00:04]} Ka6 { [%emt 0:00:01]} 36. Kxe6 {[%emt 0:00:01]} Kxa5
{[%emt 0:00:00]} 37. Kxd5 { [%emt 0:00:01]} Kb6 {[%emt 0:00:05]} 38. Ke6 {[%emt
0:00:03]} Kc7 {[%emt 0:00:01]} 39. d5 {[%emt 0:00:02]} Kd8 {[%emt 0:00:05]} 40.
Kd6 {[%emt 0:00:07]} Ke8 {[%emt 0:00:18]} 41. Kc7 {[%emt 0:00:01]} g5 {[%emt
0:00:10]} 42. hxg5 { [%emt 0:00:06]} h4 {[%emt 0:00:02]} 43. d6 {[%emt
0:00:01]} h3 {[%emt 0:00:02]} 44. d7+ {[%emt 0:00:01]} Kf7 {[%emt 0:00:05]} 45.
d8=Q {[%emt 0:00:05]} h2 { [%emt 0:00:01]} 46. Qd1 {[%emt 0:00:02]} Kg6 {[%emt
0:00:06]} 47. Qh1 {[%emt 0:00:02]} Kh5 {[%emt 0:00:04]} 48. Qxh2+ {[%emt
0:00:01]} Kg4 {[%emt 0:00:00]} 49. Qh3+ {[%emt 0:00:01]} Kxf4 {[%emt 0:00:02]}
50. g6 {[%emt 0:00:01]} Ke4 { [%emt 0:00:03]} 51. g7 {[%emt 0:00:01]} f4 {[%emt
0:00:01]} 52. g8=Q {[%emt 0:00:01]} f3 {[%emt 0:00:00]} 53. Qxf3+ {[%emt
0:00:01]} Ke5 {[%emt 0:00:03]} 54. Qe8+ {[%emt 0:00:02]} Kd4 {[%emt 0:00:04]}
55. Qd1+ {[%emt 0:00:01]} Kc5 { [%emt 0:00:04]} 56. Qc6+ {[%emt 0:00:01]} Kb4
{[%emt 0:00:03]} 57. Qb1+ { [%emt 0:00:01]} Ka5 {[%emt 0:00:04]} 58. Qa8#
{[%emt 0:00:01]} 1-0

[Event "DSJ Weihnachtsturnier U20 2020"]
[Site "https://play.chessbase.com/en/play?room=DSJWeihnachtU20"]
[Date "2020.12.29"]
[Round "4"]
[White "Rempe, Mieke"]
[Black "Müller, Milo"]
[Result "0-1"]
[Termination "time forfeit"]
[Board "16.3"]
[WhiteElo "1669"]
[BlackElo "1232"]
[WhiteTeam "SK Doppelbauer Kiel"]
[BlackTeam "SC Windischeschenbach"]
[PlyCount "86"]
[WhiteFideId "16202384"]
[BlackFideId "16265700"]
[EventRounds "7"]
[EventType "team-swiss"]
[EventDate "2020.12.29"]

1. e4 {[%emt 0:00:04]} c5 {[%emt 0:00:04]} 2. Nf3 {[%emt 0:00:05]} g6 {[%emt
0:00:03]} 3. d4 {[%emt 0:00:08]} cxd4 {[%emt 0:00:02]} 4. Nxd4 {[%emt 0:00:04]}
Bg7 {[%emt 0:00:03]} 5. Nc3 {[%emt 0:00:05]} Nc6 {[%emt 0:00:03]} 6. Be3 {
[%emt 0:00:26]} Nf6 {[%emt 0:00:04]} 7. Qd2 {[%emt 0:00:51]} d6 {[%emt 0:00:16]
} 8. O-O-O {[%emt 0:00:13]} Bd7 {[%emt 0:00:09]} 9. Kb1 {[%emt 0:00:15]} a6 {
[%emt 0:00:19]} 10. f4 {[%emt 0:01:02]} b5 {[%emt 0:00:15]} 11. f5 {[%emt
0:00:39]} b4 {[%emt 0:00:08]} 12. Nd5 {[%emt 0:02:52]} Nxe4 {[%emt 0:00:54]}
13. Qd3 {[%emt 0:00:06]} Nc5 {[%emt 0:00:22]} 14. Nxc6 {[%emt 0:01:09]} Bxc6
{[%emt 0:00:17]} 15. Bxc5 {[%emt 0:00:23]} dxc5 {[%emt 0:00:06]} 16. Qc4 {[%emt
0:00:30] } Bxd5 {[%emt 0:00:43]} 17. Rxd5 {[%emt 0:00:03]} Qb6 {[%emt 0:00:36]}
18. Rxc5 {[%emt 0:00:07]} O-O {[%emt 0:00:10]} 19. fxg6 {[%emt 0:00:07]} hxg6
{[%emt 0:00:03]} 20. Bd3 {[%emt 0:00:05]} Qf6 {[%emt 0:00:17]} 21. Qb3 {[%emt
0:00:35]} a5 {[%emt 0:00:22]} 22. Rf1 {[%emt 0:00:20]} Qd6 {[%emt 0:00:53]} 23.
Rc4 { [%emt 0:00:32]} a4 {[%emt 0:00:41]} 24. Qxb4 {[%emt 0:00:05]} Qxb4 {[%emt
0:00:03]} 25. Rxb4 {[%emt 0:00:02]} Rab8 {[%emt 0:00:01]} 26. Rxb8 {[%emt
0:00:03]} Rxb8 {[%emt 0:00:02]} 27. b3 {[%emt 0:00:01]} axb3 {[%emt 0:00:08]}
28. cxb3 { [%emt 0:00:02] .} Rc8 {[%emt 0:00:09]} 29. Bc4 {[%emt 0:00:01]} e6
{[%emt 0:00:02]} 30. Rd1 {[%emt 0:00:02]} Be5 {[%emt 0:00:06]} 31. g3 {[%emt
0:00:02]} Kg7 {[%emt 0:00:05]} 32. Rd7 {[%emt 0:00:02] .} Kf6 {[%emt 0:00:04]}
33. a4 { [%emt 0:00:02]} Bc3 {[%emt 0:00:15]} 34. Ra7 {[%emt 0:00:02]} Rc5
{[%emt 0:00:17]} 35. Bb5 {[%emt 0:00:04]} Rh5 {[%emt 0:00:08]} 36. Be8 {[%emt
0:00:01]} Rh7 {[%emt 0:00:04]} 37. Bc6 {[%emt 0:00:02] .} Rxh2 {[%emt 0:00:07]}
38. a5 { [%emt 0:00:02]} Rb2+ {[%emt 0:00:03]} 39. Kc1 {[%emt 0:00:01] .} Rxb3
{[%emt 0:00:01]} 40. a6 {[%emt 0:00:02]} Ra3 {[%emt 0:00:06]} 41. Ra8 {[%emt
0:00:02]} Bd4 {[%emt 0:00:03]} 42. Kd2 {[%emt 0:00:03]} Kg5 {[%emt 0:00:05]}
43. Rd8 { [%emt 0:00:03] . Windisch003 reconnected.} e5 {[%emt 0:00:46] TimeW}
0-1

[Event "DSJ Weihnachtsturnier U20 2020"]
[Site "https://play.chessbase.com/en/play?room=DSJWeihnachtU20"]
[Date "2020.12.29"]
[Round "4"]
[White "Lamm, Simon"]
[Black "Malinowsky, Celina"]
[Result "1-0"]
[Termination "normal"]
[Board "16.4"]
[WhiteElo "1569"]
[BlackElo "1372"]
[WhiteTeam "SC Windischeschenbach"]
[BlackTeam "SK Doppelbauer Kiel"]
[PlyCount "181"]
[WhiteFideId "16203003"]
[BlackFideId "16266986"]
[EventRounds "7"]
[EventType "team-swiss"]
[EventDate "2020.12.29"]

1. e4 {[%emt 0:00:09]} e5 {[%emt 0:00:02]} 2. Nf3 {[%emt 0:00:03]} Nc6 { [%emt
0:00:05]} 3. Bc4 {[%emt 0:00:01]} Bc5 {[%emt 0:00:08]} 4. b4 {[%emt 0:00:06]}
Bxb4 {[%emt 0:00:19]} 5. c3 {[%emt 0:00:06]} Ba5 {[%emt 0:00:27]} 6. O-O {
[%emt 0:00:02]} d6 {[%emt 0:00:08]} 7. d4 {[%emt 0:00:52]} exd4 {[%emt 0:00:03]
} 8. cxd4 {[%emt 0:00:03]} Bg4 {[%emt 0:00:03]} 9. Bb2 {[%emt 0:02:25]} Nf6 {
[%emt 0:00:11]} 10. Qb3 {[%emt 0:01:19]} O-O {[%emt 0:00:32]} 11. Ng5 {[%emt
0:00:49]} Bh5 {[%emt 0:00:21]} 12. e5 {[%emt 0:01:11]} dxe5 {[%emt 0:00:11]}
13. dxe5 {[%emt 0:00:02]} Nd7 {[%emt 0:00:16]} 14. e6 {[%emt 0:00:16]} Nde5 {
[%emt 0:00:51]} 15. exf7+ {[%emt 0:00:37]} Bxf7 {[%emt 0:00:05]} 16. Nxf7 {
[%emt 0:00:20]} Nxf7 {[%emt 0:00:04]} 17. Qg3 {[%emt 0:00:30]} g6 {[%emt
0:00:14]} 18. Nc3 {[%emt 0:00:26]} Qd2 {[%emt 0:00:35]} 19. Rab1 {[%emt
0:00:52]} Rad8 {[%emt 0:00:20]} 20. Rfd1 {[%emt 0:00:21]} Qh6 {[%emt 0:00:09]}
21. Nd5 { [%emt 0:00:03]} Rd6 {[%emt 0:00:50]} 22. Nf6+ {[%emt 0:00:04]} Rxf6
{[%emt 0:00:06]} 23. Bxf6 {[%emt 0:00:00]} Nb8 {[%emt 0:00:59]} 24. Qf3 {[%emt
0:00:01]} Nc6 {[%emt 0:00:25]} 25. Rd7 {[%emt 0:00:04]} Bb4 {[%emt 0:00:35]}
26. Ba1 { [%emt 0:00:02]} Ncd8 {[%emt 0:00:19]} 27. Bxf7+ {[%emt 0:00:02]} Nxf7
{[%emt 0:00:03]} 28. Rxb4 {[%emt 0:00:00]} Qc1+ {[%emt 0:00:12]} 29. Qd1 {[%emt
0:00:04] } Qxd1+ {[%emt 0:00:04]} 30. Rxd1 {[%emt 0:00:00]} Nd6 {[%emt
0:00:03]} 31. Rbd4 {[%emt 0:00:02]} Re8 {[%emt 0:00:04]} 32. g3 {[%emt
0:00:01]} Kf7 { [%emt 0:00:02]} 33. Bc3 {[%emt 0:00:01]} Re2 {[%emt 0:00:09]}
34. a4 {[%emt 0:00:02]} Ne4 {[%emt 0:00:10]} 35. Bb4 {[%emt 0:00:04]} Nf6
{[%emt 0:00:14]} 36. Bc3 {[%emt 0:00:03]} Rc2 {[%emt 0:00:05]} 37. Ba1 {[%emt
0:00:03]} Ra2 { [%emt 0:00:02]} 38. Rf4 {[%emt 0:00:01]} Ke6 {[%emt 0:00:09]}
39. Rxf6+ { [%emt 0:00:01]} Ke7 {[%emt 0:00:02]} 40. Rf3 {[%emt 0:00:02]} Rxa4
{[%emt 0:00:03]} 41. Re3+ {[%emt 0:00:01]} Kf7 {[%emt 0:00:02]} 42. Be5 {[%emt
0:00:01]} c5 {[%emt 0:00:02]} 43. Red3 {[%emt 0:00:01]} c4 {[%emt 0:00:02]} 44.
Rd7+ { [%emt 0:00:01]} Ke6 {[%emt 0:00:01]} 45. Bc3 {[%emt 0:00:01]} b5 {[%emt
0:00:03]} 46. R7d4 {[%emt 0:00:03]} a5 {[%emt 0:00:05]} 47. Rd5 {[%emt
0:00:02]} b4 {[%emt 0:00:05]} 48. Bxb4 {[%emt 0:00:08]} axb4 {[%emt 0:00:03]}
49. Rc5 { [%emt 0:00:01]} c3 {[%emt 0:00:02]} 50. Rc1 {[%emt 0:00:02]} Ra3
{[%emt 0:00:03]} 51. Rc4 {[%emt 0:00:01]} Rb3 {[%emt 0:00:01]} 52. Rc2 {[%emt
0:00:02]} Rb1+ {[%emt 0:00:24]} 53. Kg2 {[%emt 0:00:01]} b3 {[%emt 0:00:10]}
54. R2xc3 { [%emt 0:00:01]} b2 {[%emt 0:00:01]} 55. Rb3 {[%emt 0:00:03]} Kd5
{[%emt 0:00:05]} 56. Rc2 {[%emt 0:00:01]} Rd1 {[%emt 0:00:08]} 57. Rbxb2 {[%emt
0:00:02]} Ke6 {[%emt 0:00:01]} 58. Rd2 {[%emt 0:00:01]} Rc1 {[%emt 0:00:02]}
59. Re2+ { [%emt 0:00:01]} Kd5 {[%emt 0:00:02]} 60. Rbd2+ {[%emt 0:00:00]} Kc6
{[%emt 0:00:02]} 61. Rc2+ {[%emt 0:00:01]} Rxc2 {[%emt 0:00:01]} 62. Rxc2+
{[%emt 0:00:00]} Kd5 {[%emt 0:00:01]} 63. Re2 {[%emt 0:00:01]} Kd6 {[%emt
0:00:01]} 64. Kf3 {[%emt 0:00:01]} Kd5 {[%emt 0:00:01]} 65. Kf4 {[%emt
0:00:00]} h6 {[%emt 0:00:01]} 66. h3 {[%emt 0:00:01]} Kd6 {[%emt 0:00:01]} 67.
g4 {[%emt 0:00:01]} g5+ { [%emt 0:00:01]} 68. Kf5 {[%emt 0:00:01]} Kd5 {[%emt
0:00:01]} 69. Rd2+ { [%emt 0:00:01]} Kc4 {[%emt 0:00:01]} 70. Ke4 {[%emt
0:00:02]} Kc3 {[%emt 0:00:01]} 71. Rd8 {[%emt 0:00:01]} Kc4 {[%emt 0:00:01]}
72. Rc8+ {[%emt 0:00:01]} Kb5 {[%emt 0:00:01]} 73. Kd5 {[%emt 0:00:01]} Kb6
{[%emt 0:00:01]} 74. Kd6 { [%emt 0:00:01]} Kb5 {[%emt 0:00:01]} 75. Rc1 {[%emt
0:00:02]} Kb4 {[%emt 0:00:01]} 76. Kd5 {[%emt 0:00:01]} Kb3 {[%emt 0:00:01]}
77. Kd4 {[%emt 0:00:01]} Kb2 {[%emt 0:00:01]} 78. Rc8 {[%emt 0:00:01]} Kb3
{[%emt 0:00:01]} 79. Rc7 { [%emt 0:00:01]} Kb2 {[%emt 0:00:03]} 80. Kd3 {[%emt
0:00:01]} Kb1 {[%emt 0:00:01]} 81. Kd2 {[%emt 0:00:01]} Kb2 {[%emt 0:00:01]}
82. Rb7+ {[%emt 0:00:01]} Ka3 {[%emt 0:00:00]} 83. Kc2 {[%emt 0:00:02]} Ka4
{[%emt 0:00:01]} 84. Kc3 { [%emt 0:00:01]} Ka5 {[%emt 0:00:01]} 85. Kc4 {[%emt
0:00:00]} Ka6 {[%emt 0:00:01]} 86. Rb1 {[%emt 0:00:01]} Ka5 {[%emt 0:00:01]}
87. Rb2 {[%emt 0:00:01]} Ka6 {[%emt 0:00:01]} 88. Kc5 {[%emt 0:00:01]} Ka7
{[%emt 0:00:00]} 89. Kc6 { [%emt 0:00:01]} Ka8 {[%emt 0:00:00]} 90. Kc7 {[%emt
0:00:01]} Ka7 {[%emt 0:00:00]} 91. Ra2# {[%emt 0:00:00]} 1-0